Top 20 Avatar The Last Airbender characters based on number of lines - Statistics

General Stats
  • This quiz has been taken 59 times
  • The average score is 15 of 20
Answer Stats
Number of Lines Answer % Correct
1,794 Aang
100%
1,425 Katara
100%
1,631 Sokka
100%
806 Zuko
100%
505 Toph
98%
345 Iroh
95%
225 Azula
93%
57 Ozai
93%
83 Mai
86%
65 Ty Lee
86%
117 Suki
77%
62 Roku
75%
74 Bumi
70%
131 Jet
66%
101 Zhao
55%
53 Yue
52%
74 Hakoda
50%
44 Long Feng
43%
43
Earth King
23%
46 The Mechanist
16%
No matching quizzes found
Score Distribution
Percent of People with Each Score
Percentile by Number Answered
Your Score History
You have not taken this quiz